|
|
|
|
| LEADER |
01070nam a22002777a 4500 |
| 001 |
41212 |
| 003 |
BD-DhAAL |
| 005 |
20230518121035.0 |
| 008 |
230518t2004 ko a|||| |||| 00| 0 kor d |
| 020 |
|
|
|a 9788955331400
|
| 020 |
|
|
|a 9788955331400
|
| 040 |
|
|
|a BD-DhAAL
|d BD-DhAAL
|
| 082 |
|
|
|2 23
|a 658.4012
|
| 100 |
|
|
|a Kim, Jaemoon.
|9 54277
|
| 245 |
|
|
|a Strategic thinking of professional planners /
|c Jaemoon Kim.
|
| 260 |
|
|
|a Seoul, Korean :
|b New Proposal,
|c 2004.
|
| 300 |
|
|
|a 223 pages :
|b illustrations ;
|c 23 cm.
|
| 541 |
|
|
|a Complimentary copy from Dr. Sang Hoon Lee, Dean of Brac Business School, Brac University
|e 41212
|
| 650 |
|
|
|a Strategic planning.
|
| 650 |
|
|
|a Decision making.
|
| 650 |
|
|
|a Industrial management
|v Decision making.
|9 54276
|
| 650 |
|
|
|a Leadership.
|
| 852 |
|
|
|a Ayesha Abed Library
|c General Stacks
|
| 942 |
|
|
|2 ddc
|c BK
|
| 999 |
|
|
|c 45772
|d 45772
|
| 952 |
|
|
|0 0
|1 0
|2 ddc
|4 0
|6 658_401200000000000_KIM
|7 0
|9 73651
|a BRACUL
|b BRACUL
|c GEN
|d 2023-05-18
|e Complimentary copy from Dr. Sang Hoon Lee
|l 0
|o 658.4012 KIM
|p 3010041212
|r 2023-05-18
|t 1
|w 2023-05-18
|y BK
|